00557nam a22001457a 4500010001500000020003000015035001400045037001300059082001000072100001800082245011300100260004400213270013300257300002100390 aENG-126248 a978-93-87253-16-2c240.00 aEN-109780 bDBAD/PUB a332.4 aMittal, Anand aMonetary Economics & Financial Institutions/cby Anand Mittal [and] D.D. Chaturvedi [And} Saumya Chaturvedi aNew DelhibKitab Mahal Publishersc2019 a8, Hari Sadan (G.F.) 20 Ansari Road, Darya Ganj,bNew Delhie110002k23273230, 9810669341mkitab_mahal@hotmail.coml011-23289285 a264p.c18cm(pbk)